00478nam a22001457a 4500003000500000005001700005008004100022020001900063050002500082082002600107100001700133245007900150260007300229300003000302SISC20160405131120.0130831t xxu||||| |||| 00| 0 eng d a9789719901301X aHF 5635b.Ad243 1985 aHS 657.044 bLIM 1985 aLim, Juan D. aIntroduction to accounting :c Juan D. Lim. bprinciples and procedures / aValenzuela, Metro Manila : bTru-Copy Printing Press Inc, cc1985.  a237 p. ;bill. ;c23 cm.